| 000 | 00871nam a2200217Ia 4500 | ||
|---|---|---|---|
| 999 |
_c39578 _d39578 |
||
| 001 | 6177 | ||
| 003 | GE_BSU | ||
| 005 | 20191209172027.0 | ||
| 008 | 181216s197 ||||ge |||||||||||||| ||geo|| | ||
| 040 | _cGE_BSU | ||
| 041 | _ageo | ||
| 080 | _a821.353.1-1 გ-26 | ||
| 100 |
_aგეგეჭკორი, გივი. _95711 |
||
| 245 |
_aჩიტების გამოღვიძება : _bლექსები / _cგივი გეგეჭკორი ; რედ. ჯ. ღვინჯილია. |
||
| 264 |
_aთბილისი : _bსაბჭოთა საქართველო, _c1973. |
||
| 300 |
_a191 გვ. ; _c20 სმ. |
||
| 653 | _aლექსები | ||
| 653 | _aჩიტების გამოღვიძება | ||
| 700 |
_aღვინჯილია, ჯ. _eრედაქტორი _95741 |
||
| 942 |
_cBK _2udc |
||